Central Library OPAC University of Rajshahi

Under five shahs / (Record no. 26505)

MARC details
000 -LEADER
fixed length control field 00858cam a22002891 4500
001 - CONTROL NUMBER
control field 26505
003 - CONTROL NUMBER IDENTIFIER
rucl marc code BD-RjUL
005 - DATE AND TIME OF LATEST TRANSACTION
control field 20211209051028.0
008 - FIXED-LENGTH DATA ELEMENTS--GENERAL INFORMATION
fixed length control field 140322s1964 nyubc 001 0beng
035 ## - SYSTEM CONTROL NUMBER
System control number (BD-RjUL)26575
System control number (OCoLC)397407
040 ## - CATALOGING SOURCE
Original cataloging agency DLC
Transcribing agency OU
Modifying agency OCoLC
-- DLC
-- BD-RjUL
Language of cataloging eng
041 ## - LANGUAGE CODE
Language code of text/sound track or separate title eng
082 ## - DEWEY DECIMAL CLASSIFICATION NUMBER
Classification number 955.050924
Author mark and year ARU 1964
100 1# - MAIN ENTRY--PERSONAL NAME
Personal name Arfa, Hasan.
9 (RLIN) 81523
245 10 - TITLE STATEMENT
Title Under five shahs /
Statement of responsibility, etc. Hasan Arfa
260 ## - PUBLICATION, DISTRIBUTION, ETC. (IMPRINT)
Place of publication, distribution, etc. New York :
Name of publisher, distributor, etc. W. Morrow,
Date of publication, distribution, etc. c1964.
300 ## - PHYSICAL DESCRIPTION
Pagination ix, 457 p.
Illustrations maps, ports.
Size 22 cm.
504 ## - BIBLIOGRAPHY, ETC. NOTE
Bibliography, etc Includes index.
600 10 - SUBJECT ADDED ENTRY--PERSONAL NAME
Personal name Arfa, Hasan.
651 #0 - SUBJECT ADDED ENTRY--GEOGRAPHIC NAME
Geographic name Iran
General subdivision Armed Forces
-- Officers
Form subdivision Biography.
9 (RLIN) 81525
Geographic name Iran
General subdivision History
Chronological subdivision Pahlavi dynasty, 1925-1979.
9 (RLIN) 81526
Geographic name Iran
General subdivision History
Chronological subdivision 20th century.
9 (RLIN) 81527
942 ## - ADDED ENTRY ELEMENTS (KOHA)
Source of classification or shelving scheme Dewey Decimal Classification
Koha item type Books
Holdings
Lost status Source of classification or shelving scheme Damaged status Not for loan Collection code Permanent Location Current Location Shelving location Date acquired Source of acquisition Cost, normal purchase price Total Checkouts Full call number Date last seen Copy number Koha item type
  Dewey Decimal Classification   Added to bundle Non-fiction Central Library, University of Rajshahi Central Library, University of Rajshahi Reading Room 29/10/1969 R.B.Cor. 33.75   955.050924 ARU 1964 22/03/2014 C-1 Books